| 000 | 00508nam a2200169 i 4500 | ||
|---|---|---|---|
| 001 | 61527 | ||
| 003 | ES-MaACL | ||
| 005 | 20251121130306.0 | ||
| 007 | t| | ||
| 008 | 031112s1929 sp ||||1| spa d | ||
| 111 | 0 |
_aExposición Internacional de Barcelona _d(1929) _9697 |
|
| 245 | 1 | 0 | _aExposición Internacional de Barcelona. |
| 260 |
_a[Barcelona] : _bCompañía Nacional de Publicidad, _c1929 ( _fHorta) |
||
| 300 |
_a2 h., 18 lám. ; _c26 cm. |
||
| 852 |
_aES-MaACL _j1731-F-17 |
||
| 999 |
_c61527 _d61527 |
||